| 000 | 00692nam a22002297a 4500 | ||
|---|---|---|---|
| 942 | _cBK | ||
| 999 |
_c540 _d540 |
||
| 005 | 20250420134815.0 | ||
| 008 | 200804b ||||| |||| 00| 0 eng d | ||
| 020 | _a9781886529236 | ||
| 040 | _cKCST | ||
| 082 |
_a519.2 _bIn Pr |
||
| 100 |
_aBertseka, Dimitri P _94868 |
||
| 245 |
_aIntroduction to probability / _cDimitri P Bertsekas; John N Tsitsiklis |
||
| 250 | _a2nd edition. | ||
| 260 |
_aBelmont, Mass. : _bAthena Scientific, _c2008. |
||
| 300 |
_axi, 528 pages : _billustrations ; _c25 cm |
||
| 650 |
_aProbabilities. _91388 |
||
| 650 |
_aRandom variables. _94869 |
||
| 650 |
_aStochastic processes. _91428 |
||
| 700 |
_aTsitsiklis, John N _94870 |
||
| 942 | _2ddc | ||